[Event "SV Bönen 1 - SV Mülheim-Nord 4"]
[Site "Verbandsliga, Gruppe 1 2017/2"]
[Date "2017.11.05"]
[Round "3.5"]
[White "Stoer, Agnes"]
[Black "Schötz, Hans-Joachim"]
[Result "0-1"]
[WhiteElo "1801"]
[BlackElo "1914"]
[PlyCount "72"]
[EventDate "2017.??.??"]

1. Nf3 c5 2. c4 d6 3. d4 cxd4 4. Nxd4 e6 5. e3 Nf6 6. Nc3 a6 7. Bd3 Nbd7 8. h3
Qc7 9. b3 b6 10. Be2 Bb7 11. Bf3 d5 12. Bb2 dxc4 13. bxc4 Ne5 14. Qe2 Bxf3 15.
Nxf3 Nxc4 16. Rb1 Rc8 17. Nd1 Bb4+ 18. Kf1 Be7 19. Rc1 O-O 20. g3 b5 21. Kg2
Qb7 22. Kh2 Ne4 23. Ba1 Rcd8 24. Rc2 Rd7 25. Nc3 Rfd8 26. Nd4 e5 27. Nf5 Rd2
28. Qg4 Ng5 29. Nxe7+ Qxe7 30. Rxd2 Nxd2 31. Rd1 Ndf3+ 32. Kg2 Rxd1 33. Nxd1
Qb7 34. e4 Ne1+ 35. Kf1 Ngf3 36. Bc3 Nh2+ 0-1

[Event "SV Bönen 1 - SV Mülheim-Nord 4"]
[Site "Verbandsliga, Gruppe 1 2017/2"]
[Date "2017.11.05"]
[Round "3.6"]
[White "Helmert, Jochen"]
[Black "Schürmann, Jan"]
[Result "0-1"]
[WhiteElo "1874"]
[BlackElo "1784"]
[PlyCount "54"]
[EventDate "2017.??.??"]

1. e4 c5 2. Nf3 d6 3. Bb5+ Bd7 4. Bxd7+ Qxd7 5. d4 cxd4 6. Qxd4 Nc6 7. Qd3 Nf6
8. O-O Rc8 9. Nc3 g6 10. Bg5 Bg7 11. Rad1 Qc7 12. Bxf6 exf6 13. Qxd6 Qxd6 14.
Rxd6 Nb4 15. Rd2 f5 16. e5 Rc5 17. a3 Nc6 18. Rd5 Rxd5 19. Nxd5 Kd7 20. Re1 Re8
21. Rd1 Kc8 22. Nf6 Re6 23. Nxh7 Nxe5 24. Nxe5 Rxe5 25. Kf1 Rc5 26. Rd2 Bxb2
27. Ng5 Bc1 0-1

[Event "SV Bönen 1 - SV Mülheim-Nord 4"]
[Site "Verbandsliga, Gruppe 1 2017/2"]
[Date "2017.11.05"]
[Round "3.7"]
[White "Bartelt, Max Peter"]
[Black "Schütz, Ralf"]
[Result "1-0"]
[WhiteElo "1822"]
[BlackElo "1814"]
[PlyCount "83"]
[EventDate "2017.??.??"]

1. d4 Nf6 2. g3 d5 3. Bg2 c6 4. Nf3 h6 5. O-O Bf5 6. c4 e6 7. Nbd2 Be7 8. b3
Ne4 9. Bb2 O-O 10. Nxe4 Bxe4 11. Nd2 Bxg2 12. Kxg2 f5 13. Qc2 Na6 14. e3 Rc8
15. a3 c5 16. Rac1 Qd7 17. Nf3 dxc4 18. Qxc4 b5 19. Qc3 Qb7 20. dxc5 Bf6 21. c6
Qa8 22. Nd4 Nb8 23. Kg1 Nxc6 24. Qd2 Rfd8 25. Qe2 Bxd4 26. exd4 Rd6 27. Qxb5
Rd5 28. Qe2 Re8 29. Rfd1 Nd8 30. Rc5 Nf7 31. Rdc1 Rd6 32. f4 Qb7 33. b4 Re7 34.
b5 g5 35. Rc6 gxf4 36. gxf4 Nd8 37. Rxd6 Rg7+ 38. Kf2 Qg2+ 39. Ke1 Nf7 40. Qxg2
Rxg2 41. Rc8+ Kg7 42. Rd7 1-0

[Event "SV Bönen 1 - SV Mülheim-Nord 4"]
[Site "Verbandsliga, Gruppe 1 2017/2"]
[Date "2017.11.05"]
[Round "3.8"]
[White "Medger, Gernot"]
[Black "Vavro, Maximilian"]
[Result "1-0"]
[WhiteElo "1806"]
[BlackElo "1721"]
[PlyCount "77"]
[EventDate "2017.??.??"]

1. d4 d5 2. Nf3 Nf6 3. e3 e6 4. Nbd2 c5 5. c3 Nc6 6. Bd3 Bd6 7. O-O O-O 8. dxc5
Bxc5 9. e4 Qc7 10. Qe2 b6 11. h3 Bb7 12. e5 Nd7 13. Bxh7+ Kxh7 14. Ng5+ Kg6 15.
Qd3+ f5 16. b4 Qxe5 17. Ndf3 Qd6 18. bxc5 bxc5 19. Re1 Rfe8 20. Qe2 Kf6 21. Rb1
Rab8 22. Nh4 Qe5 23. Nh7+ Kf7 24. Qh5+ Kg8 25. Rxe5 Ncxe5 26. Ng5 Nf6 27. Qe2
Ba6 28. Qxe5 Rxb1 29. Qc7 Rb7 30. Qc6 Rb6 31. Qxc5 Ne4 32. Nxe4 fxe4 33. Be3
Bc4 34. a4 Kh7 35. Kh2 Rb7 36. g4 Rf7 37. Qd6 a6 38. Qe5 Rf6 39. Qh5+ 1-0

[Event "SK Sodingen/Castrop 2 - SV Bottrop 1"]
[Site "Verbandsliga, Gruppe 1 2017/2"]
[Date "2017.11.05"]
[Round "3.1"]
[White "Stadtmann, Jens"]
[Black "Ribbeheger, Edgar"]
[Result "1-0"]
[WhiteElo "2128"]
[BlackElo "2015"]
[PlyCount "81"]
[EventDate "2017.??.??"]

1. c4 Nf6 2. Nc3 e6 3. d4 Bb4 4. e3 O-O 5. Bd3 d5 6. Nge2 dxc4 7. Bxc4 e5 8.
O-O Nc6 9. a3 exd4 10. exd4 Bd6 11. h3 h6 12. Nb5 a6 13. Nxd6 cxd6 14. Ba2 Bf5
15. Be3 Rc8 16. Rc1 Qd7 17. Ng3 Bg6 18. d5 Ne7 19. Qd4 Nf5 20. Nxf5 Qxf5 21.
Rfd1 Rxc1 22. Rxc1 Nd7 23. Bb1 Qh5 24. Bxg6 Qxg6 25. Rc7 Ne5 26. Kh2 f5 27. f4
Nf7 28. Qb6 Re8 29. Rxb7 Re4 30. Qa7 h5 31. Re7 h4 32. Rxe4 Qg3+ 33. Kh1 Qe1+
34. Bg1 fxe4 35. Qe7 Nh6 36. f5 a5 37. Qe8+ Kh7 38. Qg6+ Kg8 39. f6 Qg3 40.
Qe8+ Kh7 41. Qxe4+ 1-0

[Event "SK Sodingen/Castrop 2 - SV Bottrop 1"]
[Site "Verbandsliga, Gruppe 1 2017/2"]
[Date "2017.11.05"]
[Round "3.3"]
[White "Nowak, Steven"]
[Black "Schriewer, Thomas"]
[Result "1-0"]
[WhiteElo "1978"]
[BlackElo "1916"]
[PlyCount "127"]
[EventDate "2017.??.??"]

1. c4 c6 2. Nc3 d5 3. cxd5 cxd5 4. d3 Nf6 5. g3 Nc6 6. Bg2 e6 7. Nf3 Be7 8. O-O
O-O 9. e4 dxe4 10. dxe4 e5 11. h3 Be6 12. Be3 Bc4 13. Re1 Qc8 14. Nd5 Qd8 15.
Nxe7+ Qxe7 16. Qc2 Ba6 17. Bc5 Qe6 18. Ng5 Qc8 19. Bxf8 Qxf8 20. Bf1 Nd4 21.
Qd1 Bxf1 22. Kxf1 Rc8 23. Rb1 Qb4 24. Nf3 Qb5+ 25. Kg2 Ne6 26. Qb3 Qxb3 27.
axb3 Nd7 28. Rbc1 Rxc1 29. Rxc1 f6 30. b4 Kf7 31. b5 Ndc5 32. Nd2 Nd3 33. Ra1
a6 34. bxa6 bxa6 35. Rxa6 Nxb2 36. Ra7+ Kg6 37. Ra3 Nc5 38. Rc3 Ne6 39. Ra3 Nc5
40. Ra5 Ne6 41. Kf3 Nd4+ 42. Kg2 Nd3 43. Nf3 Ne6 44. Ra7 Ndc5 45. Nh4+ Kh6 46.
Nf5+ Kg6 47. f3 Nb3 48. h4 h5 49. Rd7 Nbc5 50. Re7 Kh7 51. Kf2 Kg8 52. Ke3 Kf8
53. Ra7 Kg8 54. Kd2 Kf8 55. Kc3 Kg8 56. Kc4 g5 57. Kd5 gxh4 58. gxh4 Kf8 59.
Re7 Nd4 60. Nxd4 exd4 61. Ra7 Nb3 62. Ra3 Nd2 63. Kxd4 Kf7 64. f4 1-0

[Event "SK Sodingen/Castrop 2 - SV Bottrop 1"]
[Site "Verbandsliga, Gruppe 1 2017/2"]
[Date "2017.11.05"]
[Round "3.4"]
[White "Evertz, Dieter"]
[Black "Masberg, Stefan"]
[Result "1-0"]
[WhiteElo "1929"]
[BlackElo "1938"]
[Annotator "Daniel"]
[PlyCount "120"]
[EventDate "2017.??.??"]

1. e4 e5 2. Bc4 Nc6 3. Nc3 Bc5 4. Qg4 g6 5. Qg3 d6 6. Nf3 Nf6 7. Ng5 O-O 8. d3
Nd4 9. Kd1 Be6 10. Nxe6 Nxe6 11. h4 Nh5 12. Qh2 Qf6 13. f3 c6 14. Rf1 b5 15.
Bb3 a5 16. g4 Nhf4 17. g5 Qg7 18. Bxe6 fxe6 19. Ne2 Nxe2 20. Kxe2 a4 21. Bd2
Rae8 22. Rh1 Kf7 23. h5 Ke7 24. hxg6 hxg6 25. Qh7 Rf7 26. Qxg7 Rxg7 27. Rh6 Rf8
28. Rah1 Rfg8 29. R1h3 Bb6 30. Kf1 Kf7 31. Kg2 c5 32. f4 exf4 33. Bxf4 e5 34.
Be3 Ke7 35. Rh1 Bc7 36. Kf3 Rf8+ 37. Kg4 Rfg8 38. c3 Bb6 39. a3 Ba7 40. R1h3
Ke6 $11 41. Rh1 d5 42. Rf1 d4 43. Rf6+ Kd7 44. Bd2 c4 45. Ra6 Bc5 46. dxc4 bxc4
47. Rxa4 Kc6 48. Rxc4 Kb5 49. b3 Bxa3 50. cxd4 Rf7 51. Ra4 Rf2 52. Be3 Re2 53.
Kf3 Ra2 54. dxe5 Rf8+ 55. Bf4 Ra1 56. Rxa3 Rxa3 57. Rxg6 Rxb3+ 58. Kg4 Rb1 59.
Rf6 Rc8 60. g6 Rg1+ 1-0

[Event "SK Sodingen/Castrop 2 - SV Bottrop 1"]
[Site "Verbandsliga, Gruppe 1 2017/2"]
[Date "2017.11.05"]
[Round "3.6"]
[White "Kock, Wolfgang"]
[Black "Jaeger, Heinz"]
[Result "0-1"]
[WhiteElo "1959"]
[BlackElo "1951"]
[PlyCount "48"]
[EventDate "2017.??.??"]

1. c4 e5 2. Nc3 f5 3. d4 exd4 4. Qxd4 Nf6 5. Qe5+ Be7 6. Qxf5 d5 7. Qc2 d4 8.
Ne4 O-O 9. Nxf6+ Rxf6 10. Bg5 Bf5 11. Qd2 Rd6 12. Bxe7 Qxe7 13. Nf3 d3 14. e3
Qe4 15. Qc3 Nc6 16. Nd2 Qg4 17. h3 Qh4 18. g3 Qe7 19. Bg2 Nd4 20. Kf1 Ne2 21.
Qb4 Nxg3+ 22. fxg3 Bxh3 23. Kg1 Qxe3+ 24. Kh2 Rh6 0-1

[Event "SK Sodingen/Castrop 2 - SV Bottrop 1"]
[Site "Verbandsliga, Gruppe 1 2017/2"]
[Date "2017.11.05"]
[Round "3.7"]
[White "Tochtrop, Lothar"]
[Black "Lucke, Thomas"]
[Result "1/2-1/2"]
[WhiteElo "1843"]
[BlackElo "1827"]
[PlyCount "41"]
[EventDate "2017.??.??"]

1. e4 c6 2. Nc3 d5 3. Nf3 Bg4 4. h3 Bh5 5. exd5 cxd5 6. g4 Bg6 7. Ne5 Nc6 8. d4
e6 9. h4 f6 10. Nxg6 hxg6 11. Bd3 Nge7 12. Ne2 g5 13. h5 Qd7 14. c3 O-O-O 15.
Be3 Kb8 16. Qa4 Nc8 17. f4 gxf4 18. Bxf4+ Bd6 19. O-O-O N8e7 20. Rhf1 e5 21.
dxe5 1/2-1/2

[Event "SK Sodingen/Castrop 2 - SV Bottrop 1"]
[Site "Verbandsliga, Gruppe 1 2017/2"]
[Date "2017.11.05"]
[Round "3.8"]
[White "Balke, Reiner"]
[Black "Skolarski, Hans-Georg"]
[Result "1/2-1/2"]
[WhiteElo "1837"]
[BlackElo "2115"]
[PlyCount "61"]
[EventDate "2017.??.??"]

1. e4 c6 2. d3 d5 3. Nd2 g6 4. Ngf3 Bg7 5. Be2 e5 6. O-O Ne7 7. b3 O-O 8. Bb2
d4 9. Nc4 f6 10. c3 dxc3 11. Bxc3 c5 12. b4 cxb4 13. Bxb4 Nbc6 14. Bc3 Be6 15.
Na3 Qd7 16. Qd2 g5 17. Rfd1 Ng6 18. Nc2 g4 19. Nfe1 Rad8 20. g3 f5 21. exf5
Bxf5 22. Ne3 Be6 23. Qb2 Rf7 24. Bf1 Rdf8 25. Rd2 Bh6 26. N1c2 Qc8 27. Bg2 Nf4
28. Rf1 Nxg2 29. Kxg2 Qc7 30. Rdd1 Bg7 31. d4 1/2-1/2

[Event "SV Erkenschwick 2 - SV Kamen 2"]
[Site "Verbandsliga, Gruppe 1 2017/2"]
[Date "2017.11.05"]
[Round "3.2"]
[White "Schulze Bisping, Franz-Adolf"]
[Black "Koch, Marcel"]
[Result "1/2-1/2"]
[WhiteElo "1894"]
[BlackElo "1900"]
[PlyCount "33"]
[EventDate "2017.??.??"]

1. d4 Nf6 2. c4 e6 3. Nc3 b6 4. Bg5 Be7 5. Nf3 Bb7 6. Qc2 d6 7. e4 Nbd7 8. Bd3
h6 9. Bh4 Rc8 10. Qe2 c5 11. dxc5 Nxc5 12. Bc2 O-O 13. O-O Nfxe4 14. Bxe4 Nxe4
15. Nxe4 Bxh4 16. Nxh4 Qxh4 17. Nxd6 1/2-1/2

[Event "SV Erkenschwick 2 - SV Kamen 2"]
[Site "Verbandsliga, Gruppe 1 2017/2"]
[Date "2017.11.05"]
[Round "3.3"]
[White "Neumann, Carsten"]
[Black "Broszeit, Peter"]
[Result "1-0"]
[WhiteElo "2013"]
[BlackElo "1867"]
[PlyCount "97"]
[EventDate "2017.??.??"]

1. Nf3 c5 2. g3 g6 3. Bg2 Bg7 4. O-O Nf6 5. d3 O-O 6. e4 Nc6 7. c3 d6 8. Re1
Qc7 9. Nbd2 Rb8 10. d4 cxd4 11. cxd4 Nh5 12. Nf1 Qb6 13. Ne3 e6 14. e5 dxe5 15.
dxe5 Rd8 16. Qe2 Bf8 17. Ng4 Ne7 18. Nh6+ Bxh6 19. Bxh6 Nd5 20. Ng5 Bd7 21. Qf3
Be8 22. g4 Ng7 23. Rad1 Qb4 24. Re4 Qe7 25. Rde1 Bc6 26. Qh3 f6 27. Bxg7 fxg5
28. Bf6 Qf7 29. Bxd8 Rxd8 30. Rd4 Rf8 31. Qg3 Nf4 32. Bxc6 bxc6 33. Rd2 Nd5 34.
Rc1 Qb7 35. h3 Rf4 36. Rdc2 Qb4 37. Rxc6 Qxb2 38. Re1 Qd2 39. Rf1 Kf7 40. Qa3
Qd4 41. Rd6 Qxe5 42. Rd7+ Kg8 43. Rd8+ Kg7 44. Qxa7+ Kh6 45. Rd7 Nf6 46. Rf7
Rf3 47. Kg2 Qe4 48. Qb7 Nd5 49. Rxh7# 1-0

[Event "SV Erkenschwick 2 - SV Kamen 2"]
[Site "Verbandsliga, Gruppe 1 2017/2"]
[Date "2017.11.05"]
[Round "3.4"]
[White "Jungbluth, Rolf"]
[Black "Schulze-Bergcamen, Stefan"]
[Result "1-0"]
[WhiteElo "1869"]
[BlackElo "1942"]
[PlyCount "89"]
[EventDate "2017.??.??"]

1. c4 Nf6 2. Nc3 b6 3. Nf3 Bb7 4. d4 e6 5. Bg5 Be7 6. e3 d6 7. Bd3 c5 8. O-O
cxd4 9. Nxd4 O-O 10. Rc1 Nbd7 11. Re1 Rc8 12. Bf1 h6 13. Bh4 a6 14. Bg3 Ne5 15.
b3 Qc7 16. f4 Nc6 17. Bd3 Rfd8 18. f5 Qd7 19. fxe6 fxe6 20. Bb1 Bf8 21. Rf1
Nxd4 22. Qxd4 Qc6 23. Qd2 d5 24. Rxf6 gxf6 25. Qe2 Rd7 26. cxd5 exd5 27. Bf5
Rg7 28. Qd2 Bb4 29. Bxc8 Qxc8 30. Qd4 Bc5 31. Qf4 Qe6 32. Nd1 h5 33. b4 Bxb4
34. Qxb4 d4 35. Qxd4 Rd7 36. Qf4 Qxa2 37. Nf2 Qd5 38. e4 Qe6 39. Qh6 Qf7 40.
Bh4 Rd6 41. e5 Rd7 42. Bxf6 Qd5 43. Qg6+ Kf8 44. Rd1 Qa5 45. Bg7+ 1-0

[Event "SV Erkenschwick 2 - SV Kamen 2"]
[Site "Verbandsliga, Gruppe 1 2017/2"]
[Date "2017.11.05"]
[Round "3.5"]
[White "Krabbe, Christian"]
[Black "Broksch, Dirk"]
[Result "1/2-1/2"]
[WhiteElo "1966"]
[BlackElo "1851"]
[Annotator "Daniel"]
[PlyCount "55"]
[EventDate "2017.??.??"]

1. Nf3 d5 2. g3 Nf6 3. Bg2 Bf5 4. d3 e6 5. O-O Be7 6. Nbd2 O-O 7. Qe1 c6 8. e4
dxe4 9. dxe4 Bg6 10. Ne5 Nbd7 11. Nxg6 hxg6 12. a4 Qc7 13. Qe2 Rfe8 14. Nc4 Bc5
15. Bd2 Nb6 16. Ne3 Qe7 17. Qe1 Rac8 $11 18. b4 Bd6 19. a5 Nbd7 20. Nc4 Bb8 21.
Qe2 Ne5 22. Ne3 c5 23. b5 Red8 24. f4 Ned7 25. e5 Nd5 26. Nxd5 exd5 27. c4 Nf6
28. cxd5 1/2-1/2

[Event "SV Erkenschwick 2 - SV Kamen 2"]
[Site "Verbandsliga, Gruppe 1 2017/2"]
[Date "2017.11.05"]
[Round "3.6"]
[White "Strohmann, Marcel"]
[Black "Bals, Jochen"]
[Result "1/2-1/2"]
[WhiteElo "1836"]
[BlackElo "1855"]
[PlyCount "40"]
[EventDate "2017.??.??"]

1. e4 c5 2. Nf3 g6 3. d4 cxd4 4. Nxd4 Bg7 5. Nc3 Nc6 6. Be3 Nf6 7. Be2 O-O 8.
O-O d5 9. exd5 Nxd5 10. Nxd5 Nxd4 11. Bxd4 Qxd5 12. Bxg7 Qxd1 13. Raxd1 Kxg7
14. Bf3 Be6 15. Bd5 Bxd5 16. Rxd5 Rfd8 17. Rfd1 Rxd5 18. Rxd5 Rc8 19. c3 Rc7
20. Kf1 e6 1/2-1/2

[Event "SV Erkenschwick 2 - SV Kamen 2"]
[Site "Verbandsliga, Gruppe 1 2017/2"]
[Date "2017.11.05"]
[Round "3.8"]
[White "Stoetzel, Martin"]
[Black "Krause, Dieter"]
[Result "1-0"]
[WhiteElo "1751"]
[BlackElo "1862"]
[PlyCount "97"]
[EventDate "2017.??.??"]

1. e4 g6 2. d4 Bg7 3. Nc3 d5 4. Be3 dxe4 5. Nxe4 Nf6 6. Nxf6+ Bxf6 7. Nf3 O-O
8. Be2 c5 9. c3 cxd4 10. Bxd4 Bxd4 11. Qxd4 Nc6 12. Qe3 Kg7 13. O-O f6 14. Rfd1
Qc7 15. Nd4 e5 16. Nb5 Qe7 17. Nd6 Be6 18. Bc4 Bxc4 19. Nxc4 Rad8 20. Qe2 Qe6
21. b3 Qe7 22. a4 b6 23. h3 Qe6 24. Rxd8 Rxd8 25. Rd1 Rd5 26. Rxd5 Qxd5 27. Qd2
Ne7 28. Kf1 g5 29. Qc2 h5 30. Ne3 Qe6 31. Qd1 Nf5 32. Nxf5+ Qxf5 33. b4 Kg6 34.
Qc1 Qd3+ 35. Kg1 Qc4 36. Qc2+ e4 37. Kh2 f5 38. Qd2 Qd3 39. Qb2 f4 40. Qb3 Kf6
41. Qg8 Qd6 42. Qh8+ Kf5 43. Qh7+ Qg6 44. Qxa7 g4 45. Qd7+ Kg5 46. Qd8+ Qf6 47.
Qxf6+ Kxf6 48. a5 e3 49. fxe3 1-0

[Event "SG Gladbeck 1 - SV Hamm 1"]
[Site "Verbandsliga, Gruppe 2 2017/2"]
[Date "2017.11.05"]
[Round "3.2"]
[White "Frohne, Gerd"]
[Black "Voss, Hubertus"]
[Result "0-1"]
[WhiteElo "2064"]
[BlackElo "2089"]
[PlyCount "114"]
[EventDate "2017.??.??"]

1. d4 d5 2. c4 c6 3. Nf3 Nf6 4. Nc3 e6 5. Bg5 h6 6. Bh4 Nbd7 7. cxd5 exd5 8. e3
Be7 9. Qc2 O-O 10. Bd3 Re8 11. O-O Ne4 12. Bxe7 Qxe7 13. b4 a5 14. b5 Nxc3 15.
Qxc3 c5 16. dxc5 Nxc5 17. Rac1 b6 18. Nd4 Bd7 19. Bf5 Be6 20. Rfd1 Rac8 21.
Bxe6 fxe6 22. Nc6 Qf6 23. Qd4 Qf8 24. f3 Kh8 25. Ne5 Qf6 26. h4 Rc7 27. h5 Rec8
28. Nc6 Nd7 29. Rb1 Qg5 30. Kf2 Rf8 31. Rh1 Nc5 32. Qh4 Ne4+ 33. Kg1 Qxe3+ 34.
Kh2 Rf4 35. Qd8+ Kh7 36. fxe4 Qf2 37. Rb3 Rcf7 38. Ne7 Rh4+ 39. Rh3 Qf4+ 40.
Kg1 Qf1+ 41. Kh2 Rxh3+ 42. Kxh3 Qxh1+ 43. Kg3 Qe1+ 44. Kh3 Rxe7 45. Qxe7 Qxe4
46. Qd6 d4 47. Qxb6 d3 48. Qxa5 Qd5 49. Qd2 Qxh5+ 50. Kg3 Qxb5 51. a4 Qxa4 52.
Qxd3+ g6 53. Qd6 Qe8 54. Qc7+ Kg8 55. Qf4 Qf8 56. Qc7 g5 57. Kh3 Qf5+ 0-1

[Event "SG Gladbeck 1 - SV Hamm 1"]
[Site "Verbandsliga, Gruppe 2 2017/2"]
[Date "2017.11.05"]
[Round "3.3"]
[White "Schlaap, Ralf"]
[Black "Berg, Dietmar"]
[Result "1/2-1/2"]
[WhiteElo "2072"]
[BlackElo "1969"]
[PlyCount "36"]
[EventDate "2017.??.??"]

1. d4 Nf6 2. c4 e6 3. Nf3 Bb4+ 4. Nbd2 b6 5. a3 Bxd2+ 6. Bxd2 Bb7 7. Bg5 h6 8.
Bh4 d6 9. e3 Nbd7 10. Be2 g5 11. Bg3 Ne4 12. h3 Nxg3 13. fxg3 Nf6 14. Qa4+ Qd7
15. Qxd7+ Kxd7 16. g4 Ne4 17. Bd3 Ng3 18. Rg1 Be4 1/2-1/2

[Event "SG Gladbeck 1 - SV Hamm 1"]
[Site "Verbandsliga, Gruppe 2 2017/2"]
[Date "2017.11.05"]
[Round "3.4"]
[White "Holtkamp, Matthias"]
[Black "Dukic, Dalibor"]
[Result "1-0"]
[WhiteElo "1961"]
[BlackElo "2040"]
[PlyCount "109"]
[EventDate "2017.??.??"]

1. d4 Nf6 2. c4 d6 3. Nf3 Nbd7 4. Nc3 e5 5. e4 Be7 6. Be2 O-O 7. O-O Re8 8. Re1
h6 9. b3 Bf8 10. Qc2 c6 11. Bb2 Qc7 12. Rad1 exd4 13. Nxd4 Nc5 14. Bf3 a5 15.
a3 Qb6 16. h3 Nfd7 17. g3 Ne5 18. Bg2 Bd7 19. f4 Ng6 20. Kh2 Rad8 21. Nb1 h5
22. Bc1 h4 23. g4 Bc8 24. Be3 Qc7 25. Kh1 b6 26. Nc3 Bb7 27. Qf2 Nd7 28. Nf5
Nc5 29. b4 axb4 30. axb4 Nd7 31. Nxh4 Nxh4 32. Qxh4 Ra8 33. Ra1 Be7 34. Qf2 d5
35. c5 bxc5 36. bxc5 dxe4 37. Nxe4 Rxa1 38. Rxa1 Nf6 39. Nxf6+ Bxf6 40. Bd4 Qd8
41. Bxf6 Qxf6 42. Rb1 Ba6 43. Re1 Rb8 44. g5 Qf5 45. Qe3 Qc8 46. g6 Bc4 47. f5
fxg6 48. fxg6 Qd7 49. Qf4 Rb4 50. Qd6 Qc8 51. Qxc6 Rb8 52. Qd6 Qf8 53. Bd5+
Bxd5+ 54. Qxd5+ Kh8 55. Qh5+ 1-0

[Event "SG Gladbeck 1 - SV Hamm 1"]
[Site "Verbandsliga, Gruppe 2 2017/2"]
[Date "2017.11.05"]
[Round "3.5"]
[White "Hufelschulte, Norbert"]
[Black "Rickert, Stefan"]
[Result "1/2-1/2"]
[WhiteElo "2021"]
[BlackElo "1911"]
[Annotator "Daniel"]
[PlyCount "51"]
[EventDate "2017.??.??"]

1. d4 d5 2. Nf3 Nf6 3. c4 g6 4. cxd5 Nxd5 5. e4 Nb6 6. Be3 Bg7 7. Nc3 O-O 8. h3
N8d7 9. a4 a5 10. Qb3 e5 11. d5 Qe7 12. Be2 Nc5 13. Qa3 Nbd7 14. Nb5 b6 15.
Nxc7 Rb8 16. Nd2 Qh4 17. g3 Qd8 18. Nb5 f5 $11 19. f3 f4 20. Bf2 fxg3 21. Be3
g2 22. Rg1 Qh4+ 23. Kd1 Qxh3 24. Kc2 Ba6 25. Rae1 Rbc8 26. Kb1 1/2-1/2

[Event "SG Gladbeck 1 - SV Hamm 1"]
[Site "Verbandsliga, Gruppe 2 2017/2"]
[Date "2017.11.05"]
[Round "3.6"]
[White "Kucheyda, Joerg"]
[Black "Sievert, Jan-Thorwald"]
[Result "0-1"]
[WhiteElo "1939"]
[BlackElo "1985"]
[PlyCount "40"]
[EventDate "2017.??.??"]

1. d4 Nf6 2. c4 g6 3. Nc3 Bg7 4. e4 d6 5. f3 O-O 6. Be3 a6 7. Nge2 Nbd7 8. Qd2
c5 9. dxc5 Nxc5 10. e5 Nfd7 11. exd6 exd6 12. O-O-O Qa5 13. Qxd6 Qb4 14. Qd5
Re8 15. Bd4 Bxd4 16. Qxd4 Nb6 17. Nd5 Nxd5 18. cxd5 Qa5 19. Nc3 Bf5 20. g4 Nb3+
0-1

[Event "SG Gladbeck 1 - SV Hamm 1"]
[Site "Verbandsliga, Gruppe 2 2017/2"]
[Date "2017.11.05"]
[Round "3.7"]
[White "Vierbuchen, Joachim"]
[Black "Wenzel, Martin"]
[Result "0-1"]
[WhiteElo "1884"]
[BlackElo "1944"]
[Annotator "Daniel"]
[PlyCount "98"]
[EventDate "2017.??.??"]

1. d4 d5 2. c4 c6 3. Nf3 Nf6 4. Nc3 e6 5. Bg5 Be7 6. e3 a6 7. Rc1 h6 8. Bh4
Nbd7 9. Bd3 g5 10. Bg3 Nh5 11. Be5 Nxe5 12. Nxe5 Ng7 13. g4 Bf6 14. Qf3 Bxe5
15. dxe5 O-O 16. Rd1 f6 17. exf6 Rxf6 18. Qg3 Qf8 19. O-O b5 20. b3 Bb7 21. Qe5
Qf7 22. f4 $11 gxf4 23. Rxf4 Rxf4 24. Qxf4 Qxf4 25. exf4 Kf7 26. Kf2 bxc4 27.
bxc4 Ne8 28. Rb1 Ra7 29. c5 Nf6 30. g5 hxg5 31. fxg5 Nd7 32. Na4 Bc8 33. Ke3
Rb7 34. Rf1+ Kg7 35. Bxa6 Rb8 36. Bxc8 Rxc8 37. Rb1 Ra8 38. Nb6 Ra3+ 39. Kf4
Nxc5 40. Ke5 Rxa2 41. Rh1 Re2+ 42. Kd4 Ne4 43. h4 c5+ 44. Kd3 Rb2 45. Nd7 Rb7
46. Nxc5 Nxc5+ 47. Kd4 Nd7 48. Re1 Rb4+ 49. Kc3 Rc4+ 0-1

[Event "SG Gladbeck 1 - SV Hamm 1"]
[Site "Verbandsliga, Gruppe 2 2017/2"]
[Date "2017.11.05"]
[Round "3.8"]
[White "Schelwokat, Peter"]
[Black "Bachmann, Rolf"]
[Result "0-1"]
[WhiteElo "1885"]
[BlackElo "1811"]
[PlyCount "78"]
[EventDate "2017.??.??"]

1. e4 Nf6 2. Nc3 d5 3. e5 Nfd7 4. d4 e6 5. Nf3 c5 6. Bg5 Qb6 7. Na4 Qc7 8. Nxc5
Nxc5 9. dxc5 Bxc5 10. Bb5+ Bd7 11. Bxd7+ Nxd7 12. Bf4 Qb6 13. Qe2 Qxb2 14. O-O
Qb6 15. Rab1 Qc7 16. c4 dxc4 17. Rfc1 Nb6 18. Nd2 Rc8 19. Kh1 O-O 20. Nxc4 Nxc4
21. Rxc4 Rfd8 22. Qg4 Rd4 23. Rbc1 Qd7 24. h3 Rxc4 25. Rxc4 Bf8 26. Be3 Rxc4
27. Qxc4 a6 28. f4 h5 29. Kh2 g6 30. g4 hxg4 31. hxg4 Qc6 32. Qe2 Qe4 33. Qf2
g5 34. fxg5 Qxg4 35. Qf6 Qf5 36. Qxf5 exf5 37. Kg3 Kh7 38. Kf4 Kg6 39. e6 Bd6+
0-1

[Event "SV Rot-Weiß-Altenessen 1 - SC Doppelbau"]
[Site "Verbandsliga, Gruppe 2 2017/2"]
[Date "2017.11.05"]
[Round "3.1"]
[White "Remmler, Volker"]
[Black "Praß, Marian"]
[Result "1-0"]
[WhiteElo "2049"]
[BlackElo "2005"]
[PlyCount "81"]
[EventDate "2017.??.??"]

1. c4 Nf6 2. Nc3 c5 3. g3 Nc6 4. Bg2 g6 5. e3 Bg7 6. Nge2 O-O 7. O-O d6 8. a3
Rb8 9. Rb1 Bd7 10. b4 e5 11. d3 Ne8 12. Bd2 f5 13. Rb3 g5 14. f4 exf4 15. gxf4
g4 16. Qb1 b6 17. Ng3 Qh4 18. Be1 Qh6 19. Nd5 Kh8 20. b5 Nd8 21. a4 Rf7 22. a5
Qg6 23. axb6 axb6 24. Rf2 h5 25. Ra2 Be6 26. Rba3 Bxd5 27. Bxd5 Re7 28. Ra8
Rxa8 29. Rxa8 Ne6 30. Bc6 N6c7 31. Bxe8 Rxe8 32. Rxe8+ Nxe8 33. Qa2 Qe6 34. Bf2
h4 35. Nf1 h3 36. Qa8 Kh7 37. Qc6 Nf6 38. Qxb6 Qd7 39. Qc6 Qa7 40. Qa6 Qd7 41.
Bh4 1-0

[Event "SV Rot-Weiß-Altenessen 1 - SC Doppelbau"]
[Site "Verbandsliga, Gruppe 2 2017/2"]
[Date "2017.11.05"]
[Round "3.2"]
[White "Kordonowski, Frank"]
[Black "Schulz, Hartmut"]
[Result "1-0"]
[WhiteElo "2000"]
[BlackElo "2042"]
[PlyCount "87"]
[EventDate "2017.??.??"]

1. e4 c6 2. d4 d5 3. Nc3 dxe4 4. Nxe4 Nf6 5. Nxf6+ exf6 6. Nf3 Bd6 7. Be2 O-O
8. O-O Bg4 9. c3 Re8 10. Be3 Nd7 11. Re1 Nb6 12. Nd2 Bxe2 13. Qxe2 Qc7 14. Nf1
Nd5 15. Qc2 g6 16. Bd2 f5 17. c4 Nf6 18. f3 Nh5 19. g3 Bf8 20. Be3 Bg7 21. Bf2
Rad8 22. Rxe8+ Rxe8 23. Rd1 Nf6 24. Be3 Nh5 25. Bf2 Nf6 26. Rd3 h5 27. Be3 a6
28. Qd2 Qd7 29. b3 Kh7 30. Kf2 Bf8 31. Bg5 Ng8 32. Bf4 Bg7 33. Ne3 f6 34. h4
Bf8 35. Kg2 Nh6 36. d5 c5 37. d6 Re6 38. Nd5 Nf7 39. Nc7 Re5 40. Bxe5 fxe5 41.
Nd5 Qxd6 42. Nc3 Qf6 43. Rd7 Bg7 44. Nd5 1-0

[Event "SV Rot-Weiß-Altenessen 1 - SC Doppelbau"]
[Site "Verbandsliga, Gruppe 2 2017/2"]
[Date "2017.11.05"]
[Round "3.3"]
[White "Wagner, Norbert"]
[Black "Birdaini, Becir"]
[Result "0-1"]
[WhiteElo "2022"]
[BlackElo "2010"]
[PlyCount "96"]
[EventDate "2017.??.??"]

1. Nf3 d5 2. d4 c6 3. c3 Bf5 4. Bf4 e6 5. Qb3 Qb6 6. Nbd2 Nd7 7. e3 h6 8. Be2
Ngf6 9. h3 Be7 10. a4 O-O 11. O-O Ne4 12. a5 Qxb3 13. Nxb3 a6 14. Nfd2 Rfe8 15.
Nxe4 Bxe4 16. Nd2 Bg6 17. b4 f6 18. Bg3 e5 19. Rfe1 Bd6 20. Nb3 Nf8 21. Nc5 Re7
22. Bf1 Rae8 23. Rec1 Bf7 24. Bd3 g6 25. Bc2 Kg7 26. Ba4 Rc8 27. Ra2 Bb8 28.
Bd1 h5 29. Be2 Bd6 30. Nxb7 Rxb7 31. Bxa6 Rcc7 32. Bxb7 Rxb7 33. Rb1 Be8 34. f3
Ne6 35. e4 Nc7 36. a6 Ra7 37. dxe5 Bxe5 38. Bf2 Ra8 39. a7 Nb5 40. Be1 Bxc3 41.
exd5 cxd5 42. Rc1 d4 43. Bf2 Bxb4 44. Rc8 Rxc8 45. a8=Q Rxa8 46. Rxa8 Kf8 47.
Ra4 Bc3 48. Rc4 Bd7 0-1

[Event "SV Rot-Weiß-Altenessen 1 - SC Doppelbau"]
[Site "Verbandsliga, Gruppe 2 2017/2"]
[Date "2017.11.05"]
[Round "3.4"]
[White "Cavasin, Joerg"]
[Black "Bauch-Lojewski, Ralf"]
[Result "1-0"]
[WhiteElo "1891"]
[BlackElo "1957"]
[PlyCount "57"]
[EventDate "2017.??.??"]

1. c4 b6 2. d4 Nf6 3. Nc3 Bb7 4. Nf3 e6 5. a3 Be7 6. d5 d6 7. e4 e5 8. Be2 O-O
9. O-O Ne8 10. Qc2 g6 11. b4 a5 12. Bh6 Ng7 13. c5 bxc5 14. bxc5 Ba6 15. c6 f5
16. Rab1 Bxe2 17. Qxe2 Na6 18. Na4 fxe4 19. Qxe4 Nc5 20. Nxc5 dxc5 21. Nxe5 Bf6
22. Bxg7 Bxg7 23. Nd7 Re8 24. Qc4 Bd4 25. Rbe1 Qh4 26. d6+ Kh8 27. Rxe8+ Rxe8
28. Qf7 Qxf2+ 29. Qxf2 1-0